|
|
|
|
| LEADER |
00000nam a2200000 a 4500 |
| 001 |
vtls001483443 |
| 003 |
SK-MaSNL |
| 005 |
20260302073706.0 |
| 008 |
240313s2001 DE a ger |
| 020 |
|
|
|a 3572012864
|
| 035 |
|
|
|a SNK000438738
|
| 035 |
|
|
|a urn:nbn:sk:snk-am3h48t
|
| 035 |
|
|
|a urn:nbn:sk:snk-am00cmr7
|
| 035 |
|
|
|a 58F915EE-B4CC-45F2-9593-1CB47B038421
|
| 040 |
|
|
|a SNK
|b slo
|c SNK
|e AACR2
|
| 041 |
0 |
|
|a ger
|
| 044 |
|
|
|a DE
|
| 072 |
|
7 |
|a 52
|x Astronómia. Geodézia
|2 konspekt
|
| 080 |
|
|
|a 52
|2 1981
|
| 080 |
|
|
|a 524.8
|2 1981
|
| 080 |
|
|
|a (031)
|2 1981
|
| 100 |
1 |
|
|a Herrmann, Joachim,
|d 1931-
|4 aut
|9 41369
|
| 245 |
1 |
4 |
|a Das grosse Lexikon der Astronomie
|c Joachim Herrmann
|
| 260 |
|
|
|a [S. l.]
|b Faktum
|c 2001
|e Martin
|f Neografia
|
| 300 |
|
|
|a 383 s.
|b fotogr., ilustr.
|c 28 cm
|
| 650 |
0 |
7 |
|a astronómia
|2 SNK
|9 730
|
| 650 |
0 |
7 |
|a vesmír
|2 SNK
|9 1770
|
| 655 |
|
7 |
|a encyklopédie
|2 SNK
|9 28776
|
| 655 |
|
7 |
|a lexikóny
|2 SNK
|9 70702
|
| 919 |
|
|
|a 3-572-01286-4
|
| 999 |
|
|
|c 1161969
|d 1163899
|
| 952 |
|
|
|t P60, <03>, [BOOK], {603}
|a SNK
|b SNK
|y PREZ
|7 0
|p 17A0443647
|o snkSB 69391
|i snkD 1151/2004
|0 0
|1 0
|4 0
|d 2004-10-13
|f 1
|l 0
|r 2025-04-23 00:00:00
|w 2026-02-24
|